Glencoe springboard for passing the GED writing skills test / (Record no. 8103)
[ view plain ]
| 000 -LEADER | |
|---|---|
| fixed length control field | 00722nam a2200193 4500 |
| 008 - FIXED-LENGTH DATA ELEMENTS--GENERAL INFORMATION | |
| fixed length control field | 171213b xxu||||| |||| 00| 0 eng d |
| 020 ## - INTERNATIONAL STANDARD BOOK NUMBER | |
| International Standard Book Number | 0028020626 |
| 082 ## - DEWEY DECIMAL CLASSIFICATION NUMBER | |
| Edition number | 1994 |
| Classification number | DC 808.042 |
| Item number | B26s |
| 245 ## - TITLE STATEMENT | |
| Title | Glencoe springboard for passing the GED writing skills test / |
| Statement of responsibility, etc. | Linda Barnes...[and others]. |
| 260 ## - PUBLICATION, DISTRIBUTION, ETC. (IMPRINT) | |
| Place of publication, distribution, etc. | New York, N. Y. : |
| Name of publisher, distributor, etc. | Glencoe/Macmillan/McGraw-Hill, |
| Date of publication, distribution, etc. | ©1994. |
| 300 ## - PHYSICAL DESCRIPTION | |
| Extent | 284 pages : |
| Other physical details | colored illustrations ; |
| Dimensions | 28 cm |
| 500 ## - GENERAL NOTE | |
| General note | Includes index. |
| 650 #0 - SUBJECT ADDED ENTRY--TOPICAL TERM | |
| 9 (RLIN) | 25064 |
| Topical term or geographic name as entry element | GED tests |
| General subdivision | Study guides. |
| 700 ## - ADDED ENTRY--PERSONAL NAME | |
| 9 (RLIN) | 25066 |
| Personal name | Barnes, Linda, author. |
| 700 ## - ADDED ENTRY--PERSONAL NAME | |
| 9 (RLIN) | 25068 |
| Personal name | Breen, Adrienne, author. |
| 700 ## - ADDED ENTRY--PERSONAL NAME | |
| 9 (RLIN) | 25069 |
| Personal name | McLachlan brown, Jane, author. |
| 700 ## - ADDED ENTRY--PERSONAL NAME | |
| 9 (RLIN) | 25070 |
| Personal name | Brown, Mary T., author. |
| 942 ## - ADDED ENTRY ELEMENTS (KOHA) | |
| Source of classification or shelving scheme | Dewey Decimal Classification |
| Koha item type | Circulation |
| Withdrawn status | Lost status | Source of classification or shelving scheme | Damaged status | Not for loan | Collection code | Home library | Current library | Date acquired | Source of acquisition | Total Checkouts | Full call number | Barcode | Date last seen | Price effective from | Koha item type |
|---|---|---|---|---|---|---|---|---|---|---|---|---|---|---|---|
| Dewey Decimal Classification | Circulation | UM Digos College - LIC | UM Digos College - LIC | 04/21/2006 | Purchased | DC 808.042 B26s 1994 | 18535 | 05/15/2025 | 12/13/2017 | Circulation |
